| 000 | 00000nam##2200000za#4500 |
| 001 | 9.602585 |
| 003 | CaOODSP |
| 005 | 20240314152355 |
| 007 | cr ||||||||||| |
| 008 | 150406|2009||||xxc|||||o f|0| 0 fre|d |
| 040 | |aCaOODSP|bfre |
| 043 | |an-cn--- |
| 086 | 1 |aPS4-80/2009F-PDF |
| 110 | 1 |aCanada. |bSécurité publique Canada. |
| 245 | 10|aDialogue sur la mobilisation communautaire avec les collectivités autochtones / |h[ressource électronique]|cproduit grâce à la participation du ministère de la Sécurité publique du Canada, en collaboration avec diverses Premières nations, notamment Ojibwé, Mi'kmaq, Déné, Salish, Pieds-Noirs, ainsi que des organisations autochtones de Toronto. |
| 260 | |aOttawa - Ontario : |bSécurité publique Canada |c2009. |
| 300 | |a103p.|bglossaire, références |
| 490 | 1 |aCollection sur les autochtones|vCA 30 APC |
| 500 | |aLe n° de catalogue (PS4-80/2009F) et l'ISBN (978-1-100-93161-6) de l'édition imprimée ont été incorrectement copiés dans l'édition électronique. |
| 590 | |a11-26-Supp|b2011-11-03 |
| 775 | 08|tCommunity mobilisation dialogue with Aboriginal communities / |w(CaOODSP)9.572174 |
| 830 | #0|aCollection sur les autochtones ;|vCA 30 APC|w(CaOODSP)9.501639 |
| 856 | 40|ahttp://publications.gc.ca|qPDF|s375 Ko|uhttps://publications.gc.ca/collections/collection_2011/sp-ps/PS4-80-2009-fra.pdf|yCA 30 APC |